00405nam a2200157Ia 4500008004100000040001900041041001200060082002200072100001900094245002600113260003000139300001900169504001900188650001900207850002100226131103s9999 xx 000 0 und d aLoreto College aEnglish a824.89/MEYbLCLIB aMeynell, Alice aEssayscAlice Meynell aLondonbburns oatesc1925 a267p. c 18cm. aIncludes notes aEnglish Essays aLCLIB/824.89/MEY